000 00768cam9a220019300 4500
001 qce01298887
005 20190830100732.0
008 801001s1962 sa 000 0 eng d
035 _a(Sirsi) r109174
035 _a(aeQCAT)lss02882003
035 _a(UPRA)qce01298887
040 _dUPRA
100 1 _aWatts, Hilstan Lett, 1929-
_dWatts, Hilstan Lett, 1929-
_6A68283.1
245 1 0 _aElderly whites in Grahamstown :
_ba survey of thier socio-economic characteristics, housing needs, and preferences /
_cby H.L. Watts.
260 _aGrahamstown,
_c1962.
490 0 _aRhodes university, Grahamstown, South Africa. Insitute of Social and Economic Research. Occasional papers, no. 6
_6S10866.1
949 _aHQ1061
_wlcc
_i-155651
_mMAIN
_tBOOK
_lON-SHELF
004 109174
999 _c182089
_d182089